| 000 | 00980nam a2200241 i 4500 | ||
|---|---|---|---|
| 001 | 166157 | ||
| 003 | SpMaBN | ||
| 005 | 20260204134357.0 | ||
| 008 | 180806s1930 sp |||| | spa d | ||
| 100 | 1 |
_aGanivet, Ángel, _d1865-1898 _953864 |
|
| 245 | 1 | 0 |
_aEspaña filosófica contemporánea y otros trabajos / _cÁngel Ganivet. |
| 250 | _a1ª ed. | ||
| 260 |
_aMadrid : _bFrancisco Beltrán : _bVictoriano Suárez, _c1930. |
||
| 300 |
_a173 p. ; _c20 cm. |
||
| 490 | 1 |
_aObras completas de Ángel Ganivet ; _v9 |
|
| 530 | _aDisponible en formato digital. | ||
| 650 | 0 | 7 |
_aFilosofía moderna _2embne _9144498 |
| 830 | 0 |
_aObras completas de Ángel Ganivet ; _v9 _9188601 |
|
| 852 |
_aES-MaACL _jL-32207 _cDEPO2 _h Donante herederos de la biblioteca. de Mª del Pilar Costa Palacín |
||
| 856 | 4 |
_uhttps://www.bibliotecadigitaldeandalucia.es/catalogo/es/consulta/registro.do?id=1000673 _yBiblioteca Virtual de Andalucía |
|
| 942 | _2udc | ||
| 999 |
_c166157 _d166157 |
||